• 首页
  • 本馆介绍
  • 公告通知
  • 最新文献
  • 馆藏检索
  • 电子资源
  • 读者导购
  • 参考咨询
  • 我的图书馆
  • 登录
  • 详细信息显示
  • 放入我的书架
  • 预约/预借图书
  • 作者相关作品
  • 分类相关作品
  • 丛书相关作品
  • 出版社相关作品

书目信息

  • 表格格式
  • 工作单格式
  • 卡片格式
题名:
Tschebyscheff逼近定理
    
 
作者: 佩捷 编著
分册:  
出版信息: 哈尔滨   哈尔滨工业大学出版社  2016.6
页数: 519页
开本: 23cm
丛书名: 现代数学中的著名定理纵横谈丛书
单 册:
中图分类: O174.41
科图分类:
主题词: 切比雪夫逼近
电子资源:
ISBN: 978-7-5603-5779-9
000 01028nam 2200277 450
001 0400001797
005 20171019161546.0
010    @a978-7-5603-5779-9@b精装@dCNY88.00
100    @a20170427e2016 em y0chiy50 ea
101 0  @achi
102    @aCN@b230100
105    @ay az 000yy
106    @ar
200 1  @aTschebyscheff逼近定理@9Tschebyscheff bi jin ding li@dTschebyscheff approximation theorem@f佩捷等编著@zeng
210    @a哈尔滨@c哈尔滨工业大学出版社@d2016.6
215    @a519页@d23cm
225 1  @a现代数学中的著名定理纵横谈丛书@f王梓坤主编
320    @a有书目(第403-514页)
330    @a本书详细介绍了Tschebyscheff逼近问题的相关知识及应用。全书共分21章,读者可以较全面地了解Tschebyscheff这一类问题的实质,并且还可以认识到它在其他学科中的应用。
461  0 @12001 @a现代数学中的著名定理纵横谈丛书
510 1  @aTschebyscheff approximation theorem@zeng
606 0  @a切比雪夫逼近
690    @aO174.41@v5
701  0 @a佩捷@9pei jie@4编著
801  0 @aCN@b91MARC@c20171019
905    @b1025671-5@dO174.41@f5@e227
    
    Tschebyscheff逼近定理=Tschebyscheff approximation theorem/佩捷等编著.-哈尔滨:哈尔滨工业大学出版社,2016.6
    519页;23cm.-(现代数学中的著名定理纵横谈丛书/王梓坤主编)
    
    
    ISBN 978-7-5603-5779-9(精装):CNY88.00
    本书详细介绍了Tschebyscheff逼近问题的相关知识及应用。全书共分21章,读者可以较全面地了解Tschebyscheff这一类问题的实质,并且还可以认识到它在其他学科中的应用。
●
相关链接 在E读中查询图书 在五车中查询图书 在当当中查询图书 在豆瓣中查询图书


正题名:Tschebyscheff逼近定理     索取号:O174.41/227         预约/预借

序号 登录号 条形码 馆藏地/架位号 状态 备注
1 1025671   210256710   第二样本阅览室/ [索取号:O174.41/227] 在馆    
2 1025672   210256729   密集书库-数信学院/ [索取号:O174.41/227] 在馆    
3 1025673   210256738   第三借阅区/ [索取号:O174.41/227] 在馆    
4 1025674   210256747   第三借阅区/ [索取号:O174.41/227] 在馆    
5 1025675   210256756   第三借阅区/ [索取号:O174.41/227] 在馆    
唐山师范学院图书馆 欢迎您!
大连网信软件有限公司© 版权所有